Calculus with analytic geometry / (Record no. 187599)

000 -LEADER
fixed length control field 00505 a2200193 4500
003 - CONTROL NUMBER IDENTIFIER
control field Nust
005 - DATE AND TIME OF LATEST TRANSACTION
control field 20170207153518.0
010 ## - LIBRARY OF CONGRESS CONTROL NUMBER
LC control number 74030065
020 ## - INTERNATIONAL STANDARD BOOK NUMBER
International Standard Book Number 871501791
040 ## - CATALOGING SOURCE
Transcribing agency Nust
082 00 - DEWEY DECIMAL CLASSIFICATION NUMBER
Classification number 515.15
100 1# - MAIN ENTRY--PERSONAL NAME
Personal name Swokowski, Earl William,
245 10 - TITLE STATEMENT
Title Calculus with analytic geometry /
Statement of responsibility, etc. Earl W. Swokowski.
260 ## - PUBLICATION, DISTRIBUTION, ETC.
Place of publication, distribution, etc. Boston :
Name of publisher, distributor, etc. Prindle, Weber & Schmidt,
Date of publication, distribution, etc. [1975]
300 ## - PHYSICAL DESCRIPTION
Extent ix, 854 p. :
Other physical details ill. ;
Dimensions 26 cm.
500 ## - GENERAL NOTE
General note Includes index.
650 #0 - SUBJECT ADDED ENTRY--TOPICAL TERM
Topical term or geographic name entry element Calculus.
650 #0 - SUBJECT ADDED ENTRY--TOPICAL TERM
Topical term or geographic name entry element Geometry, Analytic.
942 ## - ADDED ENTRY ELEMENTS (KOHA)
Source of classification or shelving scheme
Koha item type Book
Holdings
Withdrawn status Lost status Source of classification or shelving scheme Damaged status Not for loan Collection code Permanent Location Current Location Date acquired Total Checkouts Full call number Barcode Date last seen Price effective from Koha item type
            Military College of Signals (MCS) Military College of Signals (MCS) 12/12/2016   515.15 SWO MCS7139 12/08/2016 12/12/2016 Book
© 2023 Central Library, National University of Sciences and Technology. All Rights Reserved.